[Event "Titled Tue 10th Jun Early"]
[Site "chess.com INT"]
[Date "2025.06.10"]
[Round "4"]
[White "Reprintsev, Alexander"]
[Black "Puzyrevsky, Semyon"]
[Result "0-1"]
[WhiteTitle "IM"]
[BlackTitle "FM"]
[WhiteElo "2256"]
[BlackElo "2292"]
[WhiteFideId "14100541"]
[BlackFideId "24240931"]
[EventDate "2025.06.10"]

1. e4 c5 2. b3 b6 3. d4 cxd4 4. Qxd4 Bb7 5. Bb2 Nc6 6. Qd2 Nf6 7. e5 Ng4 8. Nf3
Qc7 9. Qf4 h5 10. Bc4 e6 11. h3 Nh6 12. Nc3 a6 13. O-O-O b5 14. Bd3 Nb4 15. Be4
Nc6 16. g4 g6 17. Bxc6 Bxc6 18. Ne4 O-O-O 19. Nd6+ Bxd6 20. exd6 Qb7 21. Rd3 g5
22. Nxg5 Bxh1 23. Bxh8 Rxh8 24. Qf6 Rg8 25. Qxh6 Qb6 26. Nxf7 Qxf2 27. Qxh5 Rf8
28. Ne5 Qf4+ 29. Kb2 b4 30. Nc4 Bc6 31. a3 bxa3+ 32. Kxa3 Qc1+ 33. Nb2 Qa1+ 34.
Kb4 Qxb2 35. Qc5 Kb7 36. Qa5 Qxc2 37. Qc7+ Ka8 38. Rc3 Rf4+ 39. Rc4 Rxc4+ 40.
bxc4 Qb2+ 41. Kc5 Qf2+ 42. Kb4 Qa7 43. Qa5 Qb8+ 44. Kc3 Qxd6 45. Qd8+ Kb7 46.
Qg5 Qg3+ 47. Kb4 Qxh3 48. Qg8 a5+ 49. Kxa5 Qc3# 0-1

[Event "Titled Tue 10th Jun Early"]
[Site "chess.com INT"]
[Date "2025.06.10"]
[Round "4"]
[White "Sadubayev, Airat"]
[Black "Le, Tuan Minh"]
[Result "0-1"]
[WhiteTitle "FM"]
[BlackTitle "GM"]
[WhiteElo "2211"]
[BlackElo "2598"]
[WhiteFideId "13713264"]
[BlackFideId "12401153"]
[EventDate "2025.06.10"]

1. d4 d5 2. c4 c6 3. Nf3 Nf6 4. Nc3 a6 5. c5 Nbd7 6. Bf4 Nh5 7. Bd2 g6 8. e4
dxe4 9. Nxe4 Ndf6 10. Nxf6+ exf6 11. Bc4 Qe7+ 12. Be3 Bh6 13. Qe2 Nf4 14. Bxf4
Bxf4 15. d5 cxd5 16. Bxd5 Rb8 17. Rd1 Bd7 18. Qxe7+ Kxe7 19. O-O Rhd8 20. g3 Bc7
21. b4 Kf8 22. Kg2 Ba4 23. Bb3 Bc6 24. Rxd8+ Rxd8 25. Rd1 g5 26. Rxd8+ Bxd8 27.
g4 f5 28. h3 fxg4 29. hxg4 f5 30. gxf5 g4 31. Kg3 Bxf3 32. Kf4 h5 33. Be6 h4 34.
a4 Bc7+ 35. Kg5 h3 36. Bd5 h2 0-1

[Event "Titled Tue 10th Jun Early"]
[Site "chess.com INT"]
[Date "2025.06.10"]
[Round "4"]
[White "Khalafvand, Dorsa Sadat"]
[Black "Belov, Alexei"]
[Result "0-1"]
[WhiteTitle "WCM"]
[BlackTitle "IM"]
[WhiteElo "1985"]
[BlackElo "2421"]
[WhiteFideId "36767522"]
[BlackFideId "4128206"]
[EventDate "2025.06.10"]

1. c4 e6 2. Nc3 d5 3. d4 Be7 4. cxd5 exd5 5. Bf4 c6 6. e3 Bf5 7. g4 Be6 8. h4
Nd7 9. g5 h6 10. g6 fxg6 11. Bd3 Bf7 12. Qc2 g5 13. hxg5 Bxg5 14. Bxg5 Qxg5 15.
Nf3 Qf6 16. Nd2 Ne7 17. Rh2 Bg6 18. O-O-O Bxd3 19. Qxd3 O-O-O 20. f4 g5 21. fxg5
hxg5 22. Rdh1 Rxh2 23. Rxh2 Rh8 24. Qe2 Rxh2 25. Qxh2 Nf5 26. Qf2 Qe6 27. Nf1
Nf6 28. Kd2 Ne4+ 29. Nxe4 Qxe4 30. Ng3 Nxg3 31. Qxg3 g4 32. a3 Qb1 33. Qxg4+ Kc7
34. Qf4+ Kb6 35. Kc3 Qc1+ 36. Kd3 Qxb2 37. Qd6 Qb5+ 38. Kd2 Ka5 39. Kc3 Ka4 40.
Qe7 a5 41. Kd2 b6 42. Qd6 Kb3 43. Ke1 Qc4 44. Qc7 Kxa3 45. Kf2 Qb5 46. Qd6+ Kb3 0-1

[Event "Titled Tue 10th Jun Early"]
[Site "chess.com INT"]
[Date "2025.06.10"]
[Round "4"]
[White "Lopez Abreu, Michel Samuel"]
[Black "Vedant, Nitin Vekhande"]
[Result "0-1"]
[WhiteTitle "FM"]
[BlackTitle "CM"]
[WhiteElo "2038"]
[BlackElo "2167"]
[WhiteFideId "3927903"]
[BlackFideId "45073449"]
[EventDate "2025.06.10"]

1. d4 Nf6 2. Nf3 d5 3. Bf4 Bf5 4. Nbd2 e6 5. e3 Bd6 6. Bxd6 Qxd6 7. c3 Nbd7 8.
Be2 O-O 9. O-O e5 10. dxe5 Nxe5 11. Nxe5 Qxe5 12. Nf3 Qd6 13. Bd3 Bg4 14. h3 Bh5
15. Be2 c5 16. Ng5 Bg6 17. Bd3 Rae8 18. Bxg6 fxg6 19. Qb3 b6 20. Rad1 h6 21. Nf3
Qe6 22. Rfe1 g5 23. Nh2 Rd8 24. Qc2 Ne4 25. Rf1 Rf5 26. c4 d4 27. exd4 cxd4 28.
Qd3 Nc5 29. Qg3 Qxc4 30. Qc7 Rd7 31. Qc8+ Rf8 32. Rc1 Qxf1+ 0-1

[Event "Titled Tue 10th Jun Early"]
[Site "chess.com INT"]
[Date "2025.06.10"]
[Round "4"]
[White "Bratovic, Blaz"]
[Black "Ter-Sahakyan, Samvel"]
[Result "0-1"]
[WhiteTitle "IM"]
[BlackTitle "GM"]
[WhiteElo "2319"]
[BlackElo "2611"]
[WhiteFideId "14603551"]
[BlackFideId "13302531"]
[EventDate "2025.06.10"]

1. e4 c5 2. Nf3 Nc6 3. d4 cxd4 4. Nxd4 g6 5. c4 Bg7 6. Be3 Qb6 7. Nb5 Qa5+ 8.
N5c3 Nh6 9. Be2 f5 10. O-O fxe4 11. Nd2 Nf5 12. Ndxe4 O-O 13. Bd2 Qd8 14. Rb1
Ncd4 15. Nd5 d6 16. Bc3 Be6 17. Bg4 Rc8 18. Ng5 Bd7 19. Bxf5 Nxf5 20. Bxg7 Kxg7
21. Qe2 e6 22. Qxe6 h6 23. Qe2 Qxg5 24. Rbd1 Rce8 25. Qd3 Nh4 26. g3 Nf3+ 27.
Kg2 Bh3+ 28. Kh1 Bxf1 29. Rxf1 Qf5 30. Qc3+ Qe5 0-1

[Event "Titled Tue 10th Jun Early"]
[Site "chess.com INT"]
[Date "2025.06.10"]
[Round "4"]
[White "Cornelisse, Lorelei"]
[Black "Martinez Ramirez, Lennis"]
[Result "0-1"]
[WhiteTitle "WFM"]
[BlackTitle "IM"]
[WhiteElo "2138"]
[BlackElo "2442"]
[WhiteFideId "1087177"]
[BlackFideId "3509079"]
[EventDate "2025.06.10"]

1. d4 Nf6 2. Nc3 d5 3. Bf4 a6 4. e3 c5 5. dxc5 Nc6 6. Nf3 Bg4 7. Be2 e6 8. Na4
Bxc5 9. Nxc5 Qa5+ 10. c3 Qxc5 11. O-O O-O 12. Ne5 Bxe2 13. Qxe2 Rac8 14. Rfd1 h6
15. Qf3 Rfd8 16. Nxc6 Rxc6 17. Bxh6 Ne4 18. Bf4 Qe7 19. Qh3 b5 20. a3 a5 21. f3
Nc5 22. Qg3 Nb3 23. Rab1 f6 24. Qh3 e5 25. Bg3 b4 26. axb4 axb4 27. Be1 Qc5 28.
cxb4 Qxe3+ 29. Bf2 Qe2 30. Bc5 Nxc5 31. bxc5 Qe3+ 32. Kh1 Qxc5 33. b4 Qb5 34.
Qf5 d4 35. h4 d3 36. Rb2 Rd4 0-1

[Event "Titled Tue 10th Jun Early"]
[Site "chess.com INT"]
[Date "2025.06.10"]
[Round "4"]
[White "Asish Panda"]
[Black "Galperin, Platon"]
[Result "0-1"]
[BlackTitle "GM"]
[WhiteElo "1911"]
[BlackElo "2500"]
[WhiteFideId "45012458"]
[BlackFideId "14165414"]
[EventDate "2025.06.10"]

1. e4 g6 2. g3 d5 3. Bg2 dxe4 4. Bxe4 h5 5. h4 Nf6 6. Bg2 Nc6 7. c3 e5 8. Qe2
Bg4 9. Qb5 e4 10. d4 Qd7 11. Bg5 Bg7 12. Nd2 O-O 13. Ne2 a6 14. Qc4 Be6 15. Qc5
Rfe8 16. Qa3 e3 17. fxe3 Bd5 18. O-O Bxg2 19. Kxg2 Ng4 20. Rf3 Nce5 21. Rff1
Qc6+ 22. e4 Nc4 23. Nxc4 Qxe4+ 24. Kg1 Qxe2 0-1

[Event "Titled Tue 10th Jun Early"]
[Site "chess.com INT"]
[Date "2025.06.10"]
[Round "4"]
[White "Gales, Randi-Ioan"]
[Black "Manon-og, Ramon Jr."]
[Result "1-0"]
[WhiteTitle "CM"]
[WhiteElo "2243"]
[BlackElo "1913"]
[WhiteFideId "1285360"]
[BlackFideId "5200776"]
[EventDate "2025.06.10"]

1. d4 f5 2. e4 fxe4 3. Nc3 d5 4. Qh5+ g6 5. Qxd5 Nf6 6. Qxd8+ Kxd8 7. Bc4 Nc6 8.
Nge2 Na5 9. Bb3 Nxb3 10. axb3 c6 11. O-O h6 12. Ng3 Bf5 13. Re1 Bg7 14. Bf4 Kc8
15. Rad1 Nd5 16. Bc1 Nb4 17. Rd2 Rd8 18. Ncxe4 Rxd4 19. Rxd4 Bxd4 20. Nxf5 gxf5
21. Ng3 Bf6 22. Nxf5 Nxc2 23. Re2 Na1 24. Nxe7+ Kd7 25. Nf5 Nxb3 26. Bxh6 Re8
27. Rxe8 Kxe8 28. h4 Bxb2 29. g4 a5 30. g5 a4 31. Ne3 a3 32. Nc2 a2 33. g6 Nd4
34. Bg7 Nxc2 35. Bxb2 a1=Q+ 36. Bxa1 Nxa1 37. h5 Kf8 38. h6 b5 39. f4 b4 40. f5
b3 41. h7 Kg7 42. f6+ Kh8 43. f7 Kg7 44. h8=Q+ Kxh8 45. f8=Q# 1-0

[Event "Titled Tue 10th Jun Early"]
[Site "chess.com INT"]
[Date "2025.06.10"]
[Round "4"]
[White "Gomez Falagan, Daniel"]
[Black "Hernandez Jimenez, Alexander Andres"]
[Result "1-0"]
[WhiteTitle "FM"]
[BlackTitle "FM"]
[WhiteElo "2271"]
[BlackElo "2069"]
[WhiteFideId "54509947"]
[BlackFideId "3900452"]
[EventDate "2025.06.10"]

1. Nf3 d5 2. b3 c6 3. Bb2 Nf6 4. g3 g6 5. Bg2 Bg7 6. O-O O-O 7. c4 a5 8. d3 a4
9. cxd5 cxd5 10. bxa4 Nc6 11. Nbd2 Qa5 12. Ne5 Qxa4 13. Nxc6 bxc6 14. Nb3 Nd7
15. Bxg7 Kxg7 16. d4 Ba6 17. Re1 Bc4 18. Nd2 Qxd1 19. Rexd1 Bxa2 20. Rdc1 Bc4
21. Rxa8 Rxa8 22. Nxc4 dxc4 23. Bxc6 Rd8 24. Rxc4 Nb6 25. Rb4 Nd5 26. Bxd5 Rxd5
27. e4 Rd7 28. Kg2 f5 29. e5 Kf7 30. Kf3 Ke6 31. Ke3 Ra7 32. Rb6+ Kd5 33. Rb5+
Ke6 34. f4 Ra3+ 35. Kd2 Ra2+ 36. Kc3 Rxh2 37. d5+ Kd7 38. Rb7+ Kd8 39. e6 Rg2
40. Kd4 Rxg3 41. Rb8+ Kc7 42. Re8 Rg1 43. Rxe7+ Kc8 44. Rxh7 1-0

[Event "Titled Tue 10th Jun Early"]
[Site "chess.com INT"]
[Date "2025.06.10"]
[Round "4"]
[White "Bezerra, Flavio Rodrigo Costa"]
[Black "Villalba, Marcelo"]
[Result "1-0"]
[BlackTitle "IM"]
[WhiteElo "2096"]
[BlackElo "2233"]
[WhiteFideId "2114704"]
[BlackFideId "3701859"]
[EventDate "2025.06.10"]

1. d4 Nf6 2. Bf4 g6 3. e3 Bg7 4. Nf3 O-O 5. h3 b6 6. Be2 Bb7 7. O-O d6 8. c4 Nc6
9. Nc3 Nd7 10. Rc1 e5 11. Bh2 f5 12. a3 e4 13. Nd2 g5 14. f3 exf3 15. Bxf3 Qe8
16. Qe2 Nf6 17. b4 Qg6 18. Nd5 Rf7 19. b5 Na5 20. Nxf6+ Rxf6 21. c5 Re8 22. cxd6
cxd6 23. Bh5 Rxe3 24. Qxe3 Qxh5 25. Rc7 Rf8 26. Qe6+ Kh8 27. Qe7 Bxd4+ 28. Kh1
Re8 29. Qxd6 Bxg2+ 30. Kxg2 Qe2+ 31. Kh1 Qxd2 32. Be5+ Rxe5 33. Qf8# 1-0

[Event "Titled Tue 10th Jun Early"]
[Site "chess.com INT"]
[Date "2025.06.10"]
[Round "4"]
[White "Souleidis, Georgios"]
[Black "Ivashentseva, Dominika"]
[Result "1-0"]
[WhiteTitle "IM"]
[BlackTitle "WCM"]
[WhiteElo "2418"]
[BlackElo "1969"]
[WhiteFideId "4206827"]
[BlackFideId "34331050"]
[EventDate "2025.06.10"]

1. e4 c5 2. Be2 Nc6 3. f4 g6 4. Nf3 Bg7 5. O-O e6 6. c3 Nge7 7. d4 cxd4 8. cxd4
d5 9. e5 O-O 10. Be3 Nf5 11. Bf2 Qb6 12. Qd2 f6 13. Nc3 fxe5 14. dxe5 Qc7 15.
Rac1 a6 16. a3 Rd8 17. b4 b5 18. g4 Nh6 19. h3 Bb7 20. Nd4 Nxd4 21. Bxd4 Qd7 22.
Bd3 Rac8 23. Ne2 Kh8 24. Qe3 Rf8 25. Bc5 Rf7 26. Nd4 Bf8 27. Bxf8 Rcxf8 28. f5
Ng8 29. f6 Rc8 30. Rxc8 Qxc8 31. Rc1 Rc7 32. Rxc7 Qxc7 33. Nxe6 Qc6 34. Nd4 Qc3
35. f7 Qa1+ 36. Kg2 Qa2+ 37. Qf2 Qxf2+ 38. Kxf2 Nf6 39. f8=Q+ Ng8 40. Ne6 Bc8
41. Qg7# 1-0

[Event "Titled Tue 10th Jun Early"]
[Site "chess.com INT"]
[Date "2025.06.10"]
[Round "4"]
[White "Mladenov, Plamen"]
[Black "Kilic, Eray"]
[Result "0-1"]
[WhiteTitle "IM"]
[BlackTitle "IM"]
[WhiteElo "2362"]
[BlackElo "2474"]
[WhiteFideId "2906198"]
[BlackFideId "44517173"]
[EventDate "2025.06.10"]

1. d4 Nf6 2. Bg5 d5 3. Bxf6 gxf6 4. e3 c5 5. c4 dxc4 6. Nc3 e6 7. Nf3 cxd4 8.
exd4 Nc6 9. Bxc4 Bd6 10. O-O O-O 11. a3 Kh8 12. d5 Ne5 13. Nxe5 Bxe5 14. dxe6
fxe6 15. Qb3 Qe7 16. Rad1 a6 17. f4 Bc7 18. Rde1 Re8 19. f5 Qd6 20. g3 Rg8 21.
Ne4 Qd4+ 22. Kg2 b5 23. Bxe6 Bb7 24. Qe3 Rgd8 25. Kh3 Qxe3 26. Rxe3 Be5 27. Nc5
Bc6 28. b4 Rd2 29. Rd3 Bg2+ 30. Kh4 Rxd3 31. Rf2 Rd4+ 32. Kh5 Bh3 33. Nd7 Bg4+
34. Kh6 Bd6 35. Nxf6 Bf8+ 36. Kg5 Be7 37. Rf4 Rxf4 38. Kxf4 Bxf6 39. Kxg4 Rd8
40. Kf4 Rd3 41. g4 h6 42. h4 0-1

[Event "Titled Tue 10th Jun Early"]
[Site "chess.com INT"]
[Date "2025.06.10"]
[Round "4"]
[White "Arya G Mallar"]
[Black "Nakhbayeva, Guliskhan"]
[Result "1-0"]
[WhiteTitle "WCM"]
[BlackTitle "IM"]
[WhiteElo "2000"]
[BlackElo "2326"]
[WhiteFideId "25115324"]
[BlackFideId "13704788"]
[EventDate "2025.06.10"]

1. d4 d5 2. c4 e6 3. Nf3 c6 4. g3 dxc4 5. Ne5 b5 6. Bg2 Bb7 7. a4 a6 8. O-O Nf6
9. b3 cxb3 10. e3 Qc7 11. Qxb3 Nbd7 12. Nd3 Be7 13. Ba3 Bxa3 14. Qxa3 a5 15.
axb5 cxb5 16. Rc1 Qb6 17. Bxb7 Qxb7 18. Nc3 b4 19. Nxb4 O-O 20. Nd3 Rfc8 21. Na4
Nd5 22. Nac5 Nxc5 23. Nxc5 Qb4 24. Qd3 g6 25. Rab1 Rxc5 26. dxc5 Qg4 27. c6 Qg5
28. Rb7 a4 29. c7 Rc8 30. Rb8 Nb6 31. Rxc8+ 1-0

[Event "Titled Tue 10th Jun Early"]
[Site "chess.com INT"]
[Date "2025.06.10"]
[Round "4"]
[White "Karvatskyi, Oleksii"]
[Black "Mishra, Manoj"]
[Result "1/2-1/2"]
[WhiteTitle "CM"]
[BlackTitle "CM"]
[WhiteElo "2258"]
[BlackElo "1941"]
[WhiteFideId "14191059"]
[BlackFideId "5006007"]
[EventDate "2025.06.10"]

1. Nc3 Nf6 2. e4 d5 3. exd5 Nxd5 4. Bc4 c6 5. Qf3 e6 6. Nge2 Qf6 7. Bxd5 cxd5 8.
Qe3 Nc6 9. Nxd5 Qd8 10. Ndc3 Bd6 11. O-O O-O 12. d4 e5 13. Rd1 exd4 14. Nxd4 Re8
15. Nxc6 bxc6 16. Qd4 Bf5 17. Be3 Re6 18. Qa4 Qf6 19. Rd4 Bc5 20. Rc4 Bxe3 21.
fxe3 Qg5 22. Rxc6 Qxe3+ 23. Kf1 Bd3+ 24. cxd3 Qxd3+ 25. Kf2 Qe3+ 26. Kf1 Qd3+
27. Kg1 Qe3+ 28. Kf1 Qd3+ 1/2-1/2

[Event "Titled Tue 10th Jun Early"]
[Site "chess.com INT"]
[Date "2025.06.10"]
[Round "4"]
[White "Barrientos, Ernesto"]
[Black "Ejsymont, Blanka"]
[Result "0-1"]
[WhiteTitle "CM"]
[BlackTitle "WCM"]
[WhiteElo "2027"]
[BlackElo "1984"]
[WhiteFideId "3701247"]
[BlackFideId "21088268"]
[EventDate "2025.06.10"]

1. e4 c5 2. Nf3 Nc6 3. d4 cxd4 4. Nxd4 g6 5. Nc3 Bg7 6. Be3 Nf6 7. Bc4 d6 8. f3
O-O 9. Bb3 Qa5 10. Qd2 Nxd4 11. Bxd4 b5 12. O-O-O b4 13. Nd5 Nxd5 14. Bxg7 Kxg7
15. exd5 Bd7 16. Qd4+ Kg8 17. h4 Ba4 18. h5 Bxb3 19. axb3 Rac8 20. Kb1 Qc5 21.
hxg6 fxg6 22. Qe4 Rf7 23. Rd4 Qb6 24. Rxb4 Qf2 25. c4 Qxg2 26. Qe6 Qxh1+ 27. Ka2
Rc5 28. Rb8+ Kg7 29. b4 Rxc4 30. Qd7 Rc1 31. Qe8 Ra1+ 32. Kb3 Qxf3+ 33. Kc4 Qe4+
34. Kb5 Qxd5# 0-1

[Event "Titled Tue 10th Jun Early"]
[Site "chess.com INT"]
[Date "2025.06.10"]
[Round "4"]
[White "Dragnev, Valentin"]
[Black "Xue, Haowen"]
[Result "0-1"]
[WhiteTitle "GM"]
[BlackTitle "GM"]
[WhiteElo "2547"]
[BlackElo "2518"]
[WhiteFideId "1634852"]
[BlackFideId "8625492"]
[EventDate "2025.06.10"]

1. e4 Nf6 2. e5 Nd5 3. d4 d6 4. Nf3 dxe5 5. Nxe5 c6 6. Bc4 g6 7. O-O Bg7 8. Re1
O-O 9. Bb3 Nd7 10. Nf3 b5 11. a4 Bb7 12. Nbd2 bxa4 13. Bxa4 c5 14. Ne4 cxd4 15.
Nxd4 Qc7 16. c3 a6 17. Bb3 e6 18. h4 h6 19. Bd2 N7f6 20. Bc2 Rad8 21. Qc1 Kh7
22. Ng3 h5 23. Nf3 Ne7 24. Bf4 Qb6 25. Ng5+ Kg8 26. Be5 Ng4 27. Bd4 Rxd4 28.
cxd4 Bxd4 29. N5e4 Bxf2+ 30. Kh1 Bxg3 31. Re2 Bxe4 32. Bxe4 Nf2+ 33. Rxf2 Qxf2
34. Qg5 Bxh4 35. Qb5 axb5 0-1

[Event "Titled Tue 10th Jun Early"]
[Site "chess.com INT"]
[Date "2025.06.10"]
[Round "4"]
[White "Ghafourian, Amir Ali"]
[Black "Samunenkov, Ihor"]
[Result "0-1"]
[WhiteTitle "CM"]
[BlackTitle "GM"]
[WhiteElo "2111"]
[BlackElo "2562"]
[WhiteFideId "12533831"]
[BlackFideId "14187086"]
[EventDate "2025.06.10"]

1. e4 c6 2. d4 d5 3. Nd2 dxe4 4. Nxe4 Bf5 5. Ng3 Bg6 6. h4 h6 7. Nf3 e6 8. Ne5
Bh7 9. Bd3 Bxd3 10. Qxd3 Nd7 11. f4 Be7 12. Bd2 Nxe5 13. fxe5 Bxh4 14. O-O-O
Bxg3 15. Qxg3 Ne7 16. Qxg7 Rg8 17. Qxh6 Qd5 18. Kb1 Rxg2 19. Bb4 Qc4 20. Rd2 Rg6
21. Qxg6 Nxg6 22. Bd6 O-O-O 23. a3 Rh8 24. Rxh8+ Nxh8 25. c3 Qf1+ 26. Ka2 Ng6
27. Rh2 b5 28. Rh7 a5 29. Rg7 Kb7 30. Rg8 Nf4 31. Rb8+ Ka7 32. Rc8 Nd3 33. Rxc6
Qe2 34. Bc5+ Kb7 35. Rb6+ Kc7 36. Rxb5 Nc1+ 37. Kb1 Qxb5 38. Kxc1 a4 39. Kc2 Kc6
40. c4 Qxc4+ 0-1

[Event "Titled Tue 10th Jun Early"]
[Site "chess.com INT"]
[Date "2025.06.10"]
[Round "4"]
[White "Shymanskyi, Oleksandr"]
[Black "Barseghyan, Armen Ar."]
[Result "1-0"]
[WhiteTitle "FM"]
[BlackTitle "IM"]
[WhiteElo "2218"]
[BlackElo "2348"]
[WhiteFideId "14168880"]
[BlackFideId "13306707"]
[EventDate "2025.06.10"]

1. e4 c5 2. Nf3 Nc6 3. Nc3 g6 4. d4 cxd4 5. Nxd4 Bg7 6. Be3 Nf6 7. Bc4 O-O 8.
Bb3 d6 9. f3 Bd7 10. O-O Rc8 11. Qd2 a6 12. Rad1 Ne5 13. Kh1 b5 14. Nd5 Nxd5 15.
Bxd5 Nc4 16. Bxc4 Rxc4 17. c3 Qc7 18. Bh6 Qb7 19. Bxg7 Kxg7 20. Nc2 Be6 21. Ne3
Rc5 22. a3 Bb3 23. Rde1 a5 24. Qd4+ f6 25. f4 Rfc8 26. f5 b4 27. axb4 axb4 28.
cxb4 Rb5 29. fxg6 Rxb4 30. Nf5+ Kxg6 31. Nxe7+ Qxe7 32. Qxb4 Bc4 33. Rf3 Kf7 34.
Rc3 Be6 35. Rxc8 Bxc8 36. Rc1 Bg4 37. e5 Bf5 38. Qxd6 Qxe5 39. Qxe5 fxe5 40. b4
Ke6 41. b5 Kd5 42. b6 1-0

[Event "Titled Tue 10th Jun Early"]
[Site "chess.com INT"]
[Date "2025.06.10"]
[Round "4"]
[White "Sethuraman, Roshan"]
[Black "Beniosev, Daniel"]
[Result "1-0"]
[BlackTitle "CM"]
[WhiteElo "2074"]
[BlackElo "1959"]
[WhiteFideId "30965250"]
[BlackFideId "11632674"]
[EventDate "2025.06.10"]

1. e4 c5 2. Nf3 e6 3. d4 cxd4 4. Nxd4 Nc6 5. Nc3 Qc7 6. Be3 a6 7. Qd2 Nf6 8.
O-O-O Be7 9. f3 b5 10. g4 Nxd4 11. Bxd4 O-O 12. Bh3 Bb7 13. g5 Nh5 14. Ne2 f5
15. exf5 exf5 16. Bg2 Rac8 17. Kb1 b4 18. Be3 a5 19. Nf4 Nxf4 20. Bxf4 Qc6 21.
Rhe1 Rf7 22. Be5 d5 23. h4 a4 24. h5 b3 25. cxb3 axb3 26. Rc1 bxa2+ 27. Ka1 Qd7
28. g6 Rff8 29. h6 Bf6 30. hxg7 Bxg7 31. gxh7+ Kh8 32. Bd4 Rc4 33. Bxg7+ Qxg7
34. Rxc4 dxc4 35. Qb4 Bd5 36. Re7 Qxg2 37. Qc3+ 1-0

[Event "Titled Tue 10th Jun Early"]
[Site "chess.com INT"]
[Date "2025.06.10"]
[Round "4"]
[White "Petersson, Kjell"]
[Black "Turzo, Attila"]
[Result "0-1"]
[WhiteTitle "CM"]
[BlackTitle "IM"]
[WhiteElo "2068"]
[BlackElo "2245"]
[WhiteFideId "1705148"]
[BlackFideId "704954"]
[EventDate "2025.06.10"]

1. d4 Nf6 2. Bf4 g6 3. Nc3 d5 4. e3 Bg7 5. Nb5 Na6 6. Nc3 O-O 7. Bxa6 bxa6 8.
Be5 Rb8 9. b3 Bh6 10. Bxf6 exf6 11. h4 a5 12. h5 Bg7 13. hxg6 fxg6 14. Qf3 Be6
15. Nge2 c6 16. Na4 f5 17. Nc5 Qe7 18. Nf4 Bf7 19. Qh3 h6 20. O-O-O a4 21. Nxa4
Qa3+ 22. Nb2 Qxa2 23. Nfd3 f4 24. g3 fxe3 25. fxe3 Rfe8 26. g4 g5 27. Rdf1 Bg6
28. Rh2 c5 29. Na4 c4 30. Ndc5 cxb3 31. cxb3 Qb1+ 32. Kd2 Qc2+ 33. Ke1 Qc1+ 34.
Ke2 Qa3 35. Kd1 Rxb3 36. Nxb3 Qxb3+ 37. Kd2 Qxa4 38. Rc1 Qa2+ 39. Rc2 Qxc2+ 0-1

[Event "Titled Tue 10th Jun Early"]
[Site "chess.com INT"]
[Date "2025.06.10"]
[Round "4"]
[White "Toroptseva, Yevheniia"]
[Black "Lau, Lut Yin Luke"]
[Result "0-1"]
[WhiteTitle "WFM"]
[BlackTitle "CM"]
[WhiteElo "2104"]
[BlackElo "2243"]
[WhiteFideId "34109374"]
[BlackFideId "6002226"]
[EventDate "2025.06.10"]

1. Nc3 g6 2. e4 Bg7 3. d4 d5 4. e5 c5 5. Bb5+ Bd7 6. Bxd7+ Nxd7 7. Nf3 cxd4 8.
Qxd4 e6 9. O-O Ne7 10. Bg5 Nc6 11. Qf4 Qb8 12. Rfe1 O-O 13. Qh4 Ndxe5 14. Nxe5
Bxe5 15. Rxe5 Qxe5 16. Bf6 Qh5 17. Qg3 Rfe8 18. Re1 Qf5 19. Qh4 h5 20. Re3 d4
21. Rf3 Qxc2 22. g4 dxc3 23. gxh5 Qc1+ 24. Kg2 Qh6 25. Rg3 c2 26. Bg5 Qxh5 27.
Qc4 Nd4 28. Qxd4 Qxg5 29. Rxg5 c1=Q 30. Rg3 e5 31. Qh4 Qc6+ 32. Kg1 Rad8 33. h3
Rd1+ 34. Kh2 Qh1# 0-1

[Event "Titled Tue 10th Jun Early"]
[Site "chess.com INT"]
[Date "2025.06.10"]
[Round "4"]
[White "Kholyavko, Mariya"]
[Black "Iskusnyh, Sergei"]
[Result "0-1"]
[WhiteTitle "WFM"]
[BlackTitle "GM"]
[WhiteElo "2175"]
[BlackElo "2440"]
[WhiteFideId "13748505"]
[BlackFideId "4120027"]
[EventDate "2025.06.10"]

1. f4 d5 2. Nf3 Nf6 3. g3 e6 4. Bg2 Be7 5. O-O b5 6. b3 Bb7 7. Bb2 c5 8. a4 b4
9. c3 Nc6 10. cxb4 Nxb4 11. Ne5 O-O 12. Nc3 Nd7 13. Nxd7 Qxd7 14. d4 cxd4 15.
Qxd4 Nc2 16. Qd2 Nxa1 17. Rxa1 Rfc8 18. Kh1 d4 19. Nb5 Bxg2+ 20. Kxg2 Qd5+ 21.
Kg1 Qxb3 22. Nxd4 Qd5 23. e3 Rab8 24. Qf2 Bf6 25. Re1 Qe4 26. Ba1 Rb1 27. Qf1
Rcb8 28. Kf2 Rxe1 29. Qxe1 Rb1 30. Qc3 h5 31. Qc8+ Kh7 32. Bc3 Qh1 33. Ke2 Qf1+
34. Kd2 Qd1# 0-1

[Event "Titled Tue 10th Jun Early"]
[Site "chess.com INT"]
[Date "2025.06.10"]
[Round "4"]
[White "Madhesh Kumar S"]
[Black "Safin Safarullakhan"]
[Result "1-0"]
[WhiteTitle "CM"]
[BlackTitle "CM"]
[WhiteElo "2243"]
[BlackElo "2028"]
[WhiteFideId "25168649"]
[BlackFideId "33379475"]
[EventDate "2025.06.10"]

1. e4 c5 2. Nf3 d6 3. d4 cxd4 4. Nxd4 Nf6 5. Nc3 g6 6. Be3 Bg7 7. f3 O-O 8. Qd2
Nc6 9. O-O-O d5 10. exd5 Nxd5 11. Nxc6 bxc6 12. Bd4 e5 13. Bc5 Re8 14. Ne4 Qc7
15. Bc4 Be6 16. h4 h6 17. h5 Nf4 18. Bxe6 Nxe6 19. hxg6 fxg6 20. Be3 Rad8 21.
Qc3 Nf4 22. Bxf4 exf4 23. Nf6+ Kf7 24. Nxe8 Rxe8 25. Qc4+ Kf8 26. Rhe1 Rb8 27.
c3 a5 28. Re4 g5 29. Re6 Qb6 30. b3 a4 31. Rxc6 Qe3+ 32. Kc2 axb3+ 33. axb3 Qf2+
34. Rd2 Qe1 35. Rc7 Qe8 36. Re2 Qg6+ 37. Kb2 Ra8 38. Qc5+ Kg8 39. Qd5+ Kh7 40.
Qxa8 Qd3 41. Qe4+ 1-0

[Event "Titled Tue 10th Jun Early"]
[Site "chess.com INT"]
[Date "2025.06.10"]
[Round "4"]
[White "Omariev, Maksim"]
[Black "Sayce, Hannah"]
[Result "1-0"]
[WhiteTitle "FM"]
[BlackTitle "WCM"]
[WhiteElo "2304"]
[BlackElo "1877"]
[WhiteFideId "4193423"]
[BlackFideId "3250695"]
[EventDate "2025.06.10"]

1. h4 d5 2. h5 h6 3. a4 e5 4. a5 a6 5. e3 Nf6 6. d3 Be6 7. Be2 Nc6 8. Bd2 Qd7 9.
Nc3 Bb4 10. Na4 Bd6 11. Nf3 e4 12. Nh4 Be5 13. d4 Bd6 14. Bc3 Ne7 15. Nc5 Bxc5
16. dxc5 c6 17. g3 Rg8 18. Bxf6 gxf6 19. Qd4 f5 20. O-O-O O-O-O 21. Qf6 Rh8 22.
Rd4 Kb8 23. Rhd1 Qc7 24. b4 Rdg8 25. Ng2 Qd7 26. Nf4 Nc8 27. c4 Rd8 28. Kb2 Qe7
29. Qe5+ Ka7 30. cxd5 cxd5 31. Nxd5 Qe8 32. Nb6 Rxd4 33. Rxd4 Qc6 34. Qxh8 f6
35. Rd8 f4 1-0